000 01096nam a2200325 i 4500
003 DO-SdBNP
005 20250221124607.0
007 ta
008 110413s2019 dr 000 p spa d
020 _a9789993475347
040 _aDO-SdBNP
_bspa
_cBNPHU
_erda
082 _axxxx
_bC697e
_222
100 1 _aCollado, Miguel A.,
_d1954-
_924696
245 1 0 _aEscapada de los dominios de Poseidón :
_b(poemas de amor) /
_cMiguel Collado
264 1 _aSanto Domingo :
_bCEDIBIL,
_c2019.
300 _a114 páginas
_c18 cm.
336 _2rdacontent
_atexto
_btxt
337 _2rdamedia
_asin mediación
_bn
338 _2rdacarrier
_avolumen
_bnc
490 1 _aPublicaciones de CEDIBIL
_v35
490 1 _aPoesía
_v4
500 _aIncluye datos biográficos del autor en la solapa de la portada.
590 _aInventariado, 2023/ YL
650 4 _aReflexión
_xFilosofía
_983873
650 4 _aPsicología del aprendizaje
_92721
650 4 _aValores
_xFilosofía
_983874
710 2 _aCentro Dominicano de Investigaciones Bibliográficas
_931656
910 _aYLockward
942 _2ddc
_cLBS1
999 _c54524
_d54524